[Event "Hastings Masters op"]
[Site "Hastings"]
[Date "2024.01.02"]
[Round "6"]
[White "Bozinakis, Pavlos"]
[Black "Petrov, Martin"]
[Result "0-1"]
[WhiteElo "2274"]
[BlackElo "2501"]
[PlyCount "66"]
[EventDate "2023.12.28"]
[EventType "swiss"]
[EventRounds "9"]
[EventCountry "ENG"]
[SourceTitle "CB02_2024"]
[SourceDate "2024.01.10"]
[SourceVersion "1"]
[SourceVersionDate "2024.01.10"]
[SourceQuality "1"]

1. e4 c5 2. Nf3 d6 3. d4 cxd4 4. Nxd4 Nf6 5. Nc3 a6 6. f3 e5 7. Nb3 Be7 8. Be3 Be6 9. Qd2 h5 10. Be2 Nbd7 11. Nd5 Bxd5 12. exd5 Qc7 13. c4 a5 14. Rc1 a4 15. Na1 e4 16. 0-0 exf3 17. gxf3 0-0 18. Nc2 Rae8 19. Nd4 Bd8 20. Nb5 Qb8 21. Bf4 Ne5 22. Bd1 h4 23. Bxa4 Bb6+ 24. Kh1 Nh5 25. Bg5 Qc8 26. Qg2 h3 27. Qc2 Nxf3 28. Nxd6 Qg4 29. Bxe8 Nxg5 30. Bxf7+ Rxf7 31. Nxf7 Nf3 32. c5 Bxc5 33. Rce1 Nxe1 0-1

[Event "Hastings Masters op"]
[Site "Hastings"]
[Date "2024.01.01"]
[Round "5"]
[White "Vasiliadis, Theodoros"]
[Black "Bozinakis, Pavlos"]
[Result "0-1"]
[WhiteElo "1845"]
[BlackElo "2274"]
[PlyCount "82"]
[EventDate "2023.12.28"]
[EventType "swiss"]
[EventRounds "9"]
[EventCountry "ENG"]
[SourceTitle "CB02_2024"]
[SourceDate "2024.01.10"]
[SourceVersion "1"]
[SourceVersionDate "2024.01.10"]
[SourceQuality "1"]

1. c4 e5 2. Nc3 Nf6 3. Nf3 Nc6 4. g3 d5 5. cxd5 Nxd5 6. Bg2 Bc5 7. 0-0 0-0 8. d3 h6 9. Bd2 Be6 10. Rc1 Bb6 11. a3 Re8 12. Na4 Qd6 13. b4 Rad8 14. Nc5 Bc8 15. Qb3 Nd4 16. Nxd4 exd4 17. Bf3 c6 18. a4 Bxc5 19. Rxc5 Be6 20. Qb2 Nb6 21. Qa1 Nd7 22. Bf4 Qe7 23. Rc2 g5 24. Bd2 Ne5 25. Bg2 Bd5 26. b5 Bxg2 27. Kxg2 c5 28. Qb2 b6 29. Ra1 Qb7+ 30. Kg1 c4 31. Rxc4 Nxc4 32. dxc4 Rxe2 33. Re1 Qf3 34. Rxe2 Qxe2 35. Qc1 d3 36. Qc3 Re8 37. a5 Qf3 38. axb6 axb6 39. c5 Re2 40. Be1 Rc2 41. Qe5 Qe2 0-1

[Event "GRE-chT 50th"]
[Site "Nikaia"]
[Date "2023.08.29"]
[Round "6.2"]
[White "Bozinakis, Pavlos"]
[Black "Katopodis, Dimitrios"]
[Result "1-0"]
[WhiteElo "2238"]
[BlackElo "2284"]
[PlyCount "97"]
[EventDate "2023.08.25"]
[EventType "team"]
[EventRounds "9"]
[EventCountry "GRE"]
[SourceTitle "EXT 2024"]
[Source "ChessBase"]
[SourceDate "2023.10.10"]
[SourceVersion "1"]
[SourceVersionDate "2023.10.10"]
[SourceQuality "1"]
[WhiteTeam "Peristeriou PS"]
[BlackTeam "Irakleiou Attikis"]
[WhiteTeamCountry "GRE"]
[BlackTeamCountry "GRE"]

1. e4 c6 2. d4 d5 3. Nc3 dxe4 4. Nxe4 Nf6 5. Nxf6+ exf6 6. Bc4 Bd6 7. Qe2+ Qe7 8. Qxe7+ Kxe7 9. Bd3 Re8 10. Ne2 Nd7 11. Bf4 Nf8 12. 0-0-0 Ne6 13. Bxd6+ Kxd6 14. Rhe1 Bd7 15. Bc4 Rad8 16. Nc3 Ke7 17. d5 cxd5 18. Bxd5 b6 19. Rd2 f5 20. Red1 Nc5 21. b4 Ne6 22. Bb7 Nc7 23. Nd5+ Nxd5 24. Rxd5 Be6 25. Rxd8 Rxd8 26. Rxd8 Kxd8 27. a3 Kc7 28. Bf3 Kd6 29. Kd2 Ke5 30. Kd3 g5 31. c4 g4 32. Bb7 f4 33. Bc6 h5 34. g3 f6 35. gxf4+ Kxf4 36. Kd4 h4 37. c5 f5 38. Bb7 bxc5+ 39. bxc5 g3 40. fxg3+ hxg3 41. hxg3+ Kxg3 42. Ke5 Bd7 43. Kd6 Ba4 44. c6 Bxc6 45. Kxc6 f4 46. Ba6 f3 47. a4 Kg2 48. a5 f2 49. Kb7 1-0

[Event "GRE-chT 50th"]
[Site "Nikaia"]
[Date "2023.08.26"]
[Round "2.1"]
[White "Bozinakis, Pavlos"]
[Black "Mastrovasilis, Dimitrios"]
[Result "1/2-1/2"]
[WhiteElo "2238"]
[BlackElo "2587"]
[PlyCount "82"]
[EventDate "2023.08.25"]
[EventType "team"]
[EventRounds "9"]
[EventCountry "GRE"]
[SourceTitle "EXT 2024"]
[Source "ChessBase"]
[SourceDate "2023.10.10"]
[SourceVersion "1"]
[SourceVersionDate "2023.10.10"]
[SourceQuality "1"]
[WhiteTeam "Peristeriou PS"]
[BlackTeam "Kavalas"]
[WhiteTeamCountry "GRE"]
[BlackTeamCountry "GRE"]

1. c4 e5 2. e3 Nf6 3. Nc3 Bb4 4. Nge2 c6 5. a3 Ba5 6. d4 exd4 7. Qxd4 0-0 8. b4 Bc7 9. Bb2 Re8 10. Ng3 d5 11. Be2 Be5 12. Qh4 Nbd7 13. 0-0 Nf8 14. cxd5 Ng6 15. Qc4 Nxd5 16. Qb3 Be6 17. Bc4 Qh4 18. Nxd5 cxd5 19. Bxe5 dxc4 20. Qc3 Nxe5 21. Qxe5 Rac8 22. Qc3 Red8 23. Rfd1 h6 24. f3 Qg5 25. Ne4 Qg6 26. Rd4 Rxd4 27. Qxd4 c3 28. Rc1 Bh3 29. Ng3 Be6 30. Rxc3 Rxc3 31. Qxc3 h5 32. Ne4 Bd5 33. Nd2 Bc6 34. e4 Qd6 35. g3 h4 36. Kg2 Bd7 37. gxh4 Qg6+ 38. Kf2 Qh6 39. Kg3 Qg6+ 40. Kf2 Qh6 41. Kg3 Qg6+ 1/2-1/2

[Event "Edinburgh op"]
[Site "Edinburgh"]
[Date "2011.04.02"]
[Round "2"]
[White "Bozinakis, Pavlos"]
[Black "Greet, Andrew"]
[Result "1/2-1/2"]
[WhiteElo "2154"]
[BlackElo "2451"]
[PlyCount "140"]
[EventDate "2011.04.01"]
[EventType "swiss"]
[EventRounds "5"]
[EventCountry "SCO"]
[SourceTitle "EXT 2013"]
[Source "ChessBase"]
[SourceDate "2012.11.22"]
[SourceVersion "1"]
[SourceVersionDate "2012.11.22"]
[SourceQuality "1"]

1. e4 e5 2. Nf3 Nc6 3. Bb5 a6 4. Bxc6 dxc6 5. d4 exd4 6. Qxd4 Qxd4 7. Nxd4 Bd7 8. Be3 0-0-0 9. Nd2 g6 10. 0-0-0 Bg7 11. N4b3 b6 12. Bd4 f6 13. Rhe1 c5 14. Bc3 Nh6 15. f3 Be6 16. Nf1 Nf7 17. Ne3 Nd6 18. Nd5 Rhf8 19. Nxf6 Rxf6 20. e5 Rf7 21. exd6 Bxb3 22. d7+ Rfxd7 23. cxb3 Bd4 24. Kc2 Kb7 25. Re4 Kc6 26. Rd2 Rd6 27. Rde2 R8d7 28. Be1 Rf7 29. Bg3 Rdd7 30. Re6+ Kd5 31. R6e4 Kc6 32. Be1 Rf6 33. Bc3 Rfd6 34. Re6 Kd5 35. Re7 Kc6 36. Re8 a5 37. R8e7 Kd5 38. Be1 Bf6 39. R7e4 Bd4 40. Bg3 Rf6 41. Bf2 Kc6 42. Rd2 Bxf2 43. Rxf2 Rfd6 44. f4 Rd4 45. Re3 c4 46. Rc3 b5 47. g3 Kb6 48. Re2 cxb3+ 49. Rxb3 b4 50. a3 Rc4+ 51. Kb1 Rd1+ 52. Ka2 Rcc1 53. Rbe3 a4 54. b3 Ra1+ 55. Kb2 bxa3+ 56. Kc3 axb3 57. Kxb3 Rdb1+ 58. Ka4 Rb5 59. Rb3 c6 60. Rc2 a2 61. Ka3 Rxb3+ 62. Kxb3 c5 63. Kb2 Rf1 64. Kxa2 Kc6 65. Kb3 Kd5 66. Re2 Rf3+ 67. Kc2 Kd4 68. Rd2+ Kc4 69. Re2 Kd4 70. Rd2+ Kc4 1/2-1/2

[Event "British Universities-ch"]
[Site "Oxford"]
[Date "2010.02.27"]
[Round "3.2"]
[White "Jackson, James P"]
[Black "Bozinakis, Pavlos"]
[Result "1/2-1/2"]
[WhiteElo "2155"]
[BlackElo "2110"]
[PlyCount "119"]
[EventDate "2010.02.27"]
[EventType "team-swiss"]
[EventRounds "5"]
[EventCountry "ENG"]
[SourceTitle "EXT 2023"]
[Source "ChessBase"]
[SourceDate "2022.10.05"]
[SourceVersion "1"]
[SourceVersionDate "2022.10.05"]
[SourceQuality "1"]
[WhiteTeam "Bath"]
[BlackTeam "Edinburgh"]
[WhiteTeamCountry "ENG"]
[BlackTeamCountry "SCO"]

1. e4 Nc6 2. Nf3 e5 3. Bb5 a6 4. Ba4 d6 5. 0-0 Bd7 6. c3 g6 7. d4 Bg7 8. Re1 Nge7 9. h3 0-0 10. a3 h6 11. d5 Nb8 12. Bxd7 Nxd7 13. c4 f5 14. Nc3 Kh7 15. Qc2 b6 16. b4 Nf6 17. Nh2 Qd7 18. f3 f4 19. Bd2 g5 20. Nd1 h5 21. Nf2 Bh6 22. Rec1 Rg8 23. c5 Ra7 24. cxb6 cxb6 25. Qd1 Rc8 26. Qe2 b5 27. Be1 Bf8 28. Nd3 Rac7 29. Rxc7 Rxc7 30. Rc1 Nc8 31. Bf2 Be7 32. Qd1 Bd8 33. Rxc7 Qxc7 34. Qc1 Qxc1+ 35. Nxc1 Kg7 36. Nb3 Kf7 37. Kf1 Ke7 38. Ke2 Kd7 39. Kd3 Ng8 40. Kc3 Nge7 41. Nf1 Ng6 42. Kd3 Bb6 43. Be1 Kc7 44. Nfd2 Be3 45. Nb1 Bg1 46. Nc3 Nge7 47. a4 bxa4 48. Nxa4 Ng6 49. Nc3 Bb6 50. b5 Kb7 51. Kc4 Na7 52. Kb4 Nf8 53. bxa6+ Kxa6 54. Na4 Be3 55. Nb2 Nb5 56. Nc4 Ba7 57. Ka4 Nd7 58. Bb4 Nb6+ 59. Nxb6 Bxb6 60. Nd2 1/2-1/2

[Event "Athens Acropolis op-A 24th"]
[Site "Chalkida"]
[Date "2009.08.16"]
[Round "7"]
[White "Bozinakis, Pavlos"]
[Black "Galopoulos, Nikolaos"]
[Result "0-1"]
[WhiteElo "2148"]
[BlackElo "2255"]
[PlyCount "78"]
[EventDate "2009.08.10"]
[EventType "swiss"]
[EventRounds "9"]
[EventCountry "GRE"]
[SourceTitle "CBM 131 Extra"]
[Source "ChessBase"]
[SourceDate "2009.09.03"]
[SourceVersion "2"]
[SourceVersionDate "2009.09.16"]
[SourceQuality "1"]

1. e4 e5 2. Nf3 Nc6 3. Bb5 a6 4. Bxc6 dxc6 5. d3 Bd6 6. Be3 Nf6 7. 0-0 Bg4 8. h3 Bh5 9. Nbd2 Qe7 10. Nc4 0-0-0 11. g4 Bg6 12. Qe1 h5 13. g5 Nd7 14. Nh4 Qe6 15. Kh2 Be7 16. Qc3 f5 17. gxf6 Qxf6 18. Nxg6 Qxg6 19. f4 exf4 20. Bxf4 Rdf8 21. Qa5 Bd8 22. Qd2 Qe6 23. Qg2 b5 24. Ne3 Rxf4 25. Rxf4 Qe5 26. Raf1 g5 27. d4 Qxd4 28. R4f3 g4 29. Rg3 h4 30. Rxg4 Qxe3 31. Rg6 Kb7 32. Rf5 Re8 33. Rg4 Bf6 34. b3 Be5+ 35. Kh1 Bg3 36. c4 Ne5 37. Rg7 Rd8 38. cxb5 axb5 39. Rfg5 Rd1+ 0-1

[Event "Athens Acropolis op-A 24th"]
[Site "Chalkida"]
[Date "2009.08.15"]
[Round "6"]
[White "Cherednichenko, Svetlana"]
[Black "Bozinakis, Pavlos"]
[Result "1-0"]
[WhiteElo "2347"]
[BlackElo "2148"]
[PlyCount "71"]
[EventDate "2009.08.10"]
[EventType "swiss"]
[EventRounds "9"]
[EventCountry "GRE"]
[SourceTitle "CBM 131 Extra"]
[Source "ChessBase"]
[SourceDate "2009.09.03"]
[SourceVersion "2"]
[SourceVersionDate "2009.09.16"]
[SourceQuality "1"]

1. d4 Nf6 2. Nf3 e6 3. e3 d5 4. Bd3 Bd6 5. b3 0-0 6. Nbd2 b6 7. Ne5 Bb7 8. 0-0 Ne4 9. f3 Nxd2 10. Qxd2 f6 11. Ng4 Nd7 12. c4 f5 13. Nf2 Qh4 14. Nh3 g5 15. Bb2 g4 16. fxg4 Qxg4 17. Nf4 Rf6 18. Nxe6 dxc4 19. Bxc4 b5 20. Nc5+ bxc4 21. Nxb7 cxb3 22. Nxd6 cxd6 23. d5 Ne5 24. axb3 Rg6 25. Bxe5 dxe5 26. d6 Qe4 27. d7 Rd8 28. Rxa7 Qc6 29. Rd1 f4 30. Qd5+ Kf8 31. Qxc6 Rxc6 32. exf4 exf4 33. Rd4 Ke7 34. Re4+ Kd6 35. Rxf4 Rxd7 36. Rd4+ 1-0

[Event "Athens Acropolis op-A 24th"]
[Site "Chalkida"]
[Date "2009.08.13"]
[Round "4"]
[White "Bozinakis, Pavlos"]
[Black "Peptan, Corina Isabela"]
[Result "0-1"]
[WhiteElo "2148"]
[BlackElo "2392"]
[PlyCount "88"]
[EventDate "2009.08.10"]
[EventType "swiss"]
[EventRounds "9"]
[EventCountry "GRE"]
[SourceTitle "CBM 131 Extra"]
[Source "ChessBase"]
[SourceDate "2009.09.03"]
[SourceVersion "2"]
[SourceVersionDate "2009.09.16"]
[SourceQuality "1"]

1. e4 c5 2. Nc3 e6 3. g3 Nc6 4. Bg2 Nf6 5. Nge2 d5 6. exd5 exd5 7. d4 cxd4 8. Nxd4 Be7 9. 0-0 0-0 10. Be3 Bg4 11. Qd2 Qd7 12. Nb3 Rad8 13. Bd4 Nxd4 14. Qxd4 a6 15. Rfe1 Be6 16. Rad1 Qc7 17. Rd2 Rd7 18. Bf3 Rfd8 19. Rde2 Bf8 20. g4 h6 21. h4 Ne4 22. Kg2 Be7 23. Nxe4 dxe4 24. Qxe4 Bxh4 25. c3 Bf6 26. Qb4 Be7 27. Qa4 Bf6 28. Qb4 b6 29. Qa4 a5 30. Qc6 Qxc6 31. Bxc6 Rd6 32. Bf3 a4 33. Nd4 Bxd4 34. cxd4 Bxa2 35. Re8+ Rxe8 36. Rxe8+ Kh7 37. Re4 b5 38. Rf4 g5 39. Re4 Bc4 40. Kg3 Re6 41. Re3 Rxe3 42. fxe3 b4 43. d5 Kg7 44. d6 Kf8 0-1

[Event "GRE-ch U18"]
[Site "Athens"]
[Date "2006.12.29"]
[Round "6"]
[White "Kymionis, Konstantinos"]
[Black "Bozinakis, Pavlos"]
[Result "1-0"]
[WhiteElo "1938"]
[BlackElo "2090"]
[PlyCount "67"]
[EventDate "2006.12.22"]
[EventType "swiss"]
[EventRounds "7"]
[EventCountry "GRE"]
[SourceTitle "EXT 2024"]
[Source "ChessBase"]
[SourceDate "2023.10.10"]
[SourceVersion "1"]
[SourceVersionDate "2023.10.10"]
[SourceQuality "1"]

1. e4 e5 2. Nf3 Nc6 3. Bc4 Bc5 4. d3 Nf6 5. Nc3 d6 6. Bg5 h6 7. Bxf6 Qxf6 8. Nd5 Qd8 9. c3 Ne7 10. h3 Nxd5 11. Bxd5 c6 12. Bb3 0-0 13. 0-0 Qe7 14. d4 Bb6 15. Qd3 Be6 16. Bxe6 Qxe6 17. Nh4 d5 18. exd5 Qxd5 19. Nf5 Qd7 20. Rae1 Rfe8 21. Qe4 g6 22. Nxh6+ Kg7 23. Ng4 exd4 24. Qf4 Qf5 25. Qh6+ Kg8 26. Qh4 Kg7 27. Qh6+ Kg8 28. Qd2 Kg7 29. cxd4 Rh8 30. Re5 Qd7 31. Qg5 Qd8 32. Re7 Qxd4 33. Ne5 Qd6 34. Nxf7 1-0

[Event "GRE-ch U18"]
[Site "Athens"]
[Date "2006.12.26"]
[Round "3"]
[White "Bozinakis, Pavlos"]
[Black "Panagiotakos, Nikolaos"]
[Result "1/2-1/2"]
[WhiteElo "2090"]
[BlackElo "2032"]
[PlyCount "84"]
[EventDate "2006.12.22"]
[EventType "swiss"]
[EventRounds "7"]
[EventCountry "GRE"]
[SourceTitle "EXT 2024"]
[Source "ChessBase"]
[SourceDate "2023.10.10"]
[SourceVersion "1"]
[SourceVersionDate "2023.10.10"]
[SourceQuality "1"]

1. e4 e5 2. Nf3 Nc6 3. Bb5 a6 4. Bxc6 dxc6 5. 0-0 Bg4 6. h3 h5 7. d3 Qf6 8. Nbd2 Ne7 9. Re1 Ng6 10. d4 Bd6 11. hxg4 hxg4 12. Nh2 Rxh2 13. Qxg4 Rh4 14. Qf5 Rf4 15. Qxf6 Rxf6 16. Nf3 Re6 17. dxe5 Nxe5 18. Nxe5 Bxe5 19. c3 f6 20. Be3 0-0-0 21. Kf1 Rde8 22. f3 g5 23. Kf2 g4 24. fxg4 Bd6 25. Kf3 Rxe4 26. Bd2 Rxe1 27. Rxe1 Rxe1 28. Bxe1 Kd7 29. Ke4 Ke6 30. Bd2 Be7 31. Bf4 Bd8 32. c4 c5 33. b3 c6 34. Bb8 Be7 35. Bc7 Kd7 36. Bf4 Ke6 37. Be3 b5 38. a3 Bd6 39. g5 f5+ 40. Kf3 Kf7 41. g4 Kg6 42. a4 Be7 1/2-1/2

[Event "GRE-chT 35th"]
[Site "Ermioni Argolidas"]
[Date "2006.07.08"]
[Round "7"]
[White "Bozinakis, Pavlos"]
[Black "Pavlidis, Antonios"]
[Result "1/2-1/2"]
[WhiteElo "2068"]
[BlackElo "2101"]
[PlyCount "75"]
[EventDate "2006.07.03"]
[EventType "team"]
[EventRounds "9"]
[EventCountry "GRE"]
[SourceTitle "CBM 113 Extra"]
[Source "ChessBase"]
[SourceDate "2006.09.14"]
[SourceVersion "1"]
[SourceVersionDate "2006.09.14"]
[SourceQuality "1"]

1. e4 c5 2. Nc3 e6 3. Nge2 Nc6 4. g3 Nf6 5. Bg2 Be7 6. 0-0 0-0 7. d3 d6 8. h3 Rb8 9. f4 Bd7 10. g4 b5 11. Ng3 b4 12. Nce2 Ne8 13. f5 e5 14. Be3 Bg5 15. Qd2 h6 16. Nh5 Nd4 17. Rac1 Bxe3+ 18. Qxe3 Qg5 19. Qf2 Qd2 20. Nhg3 Nxe2+ 21. Nxe2 Qg5 22. Kh2 Nf6 23. Bf3 Nh7 24. h4 Qe7 25. Rg1 f6 26. Qe3 Rb6 27. Rg2 Ra6 28. Ra1 Rb8 29. b3 Rb5 30. a4 bxa3 31. Nc3 Rb7 32. Ra2 Bc6 33. Rg1 Qd8 34. Nb1 Rb5 35. Rxa3 Rxa3 36. Nxa3 Ra5 37. Nc4 Ra2 38. Rg2 1/2-1/2

[Event "GRE-chT 35th"]
[Site "Ermioni Argolidas"]
[Date "2006.07.04"]
[Round "2"]
[White "Bozinakis, Pavlos"]
[Black "Kasidonis, Antonios"]
[Result "1-0"]
[WhiteElo "2068"]
[BlackElo "1756"]
[PlyCount "87"]
[EventDate "2006.07.03"]
[EventType "team"]
[EventRounds "9"]
[EventCountry "GRE"]
[SourceTitle "CBM 113 Extra"]
[Source "ChessBase"]
[SourceDate "2006.09.14"]
[SourceVersion "1"]
[SourceVersionDate "2006.09.14"]
[SourceQuality "1"]

1. e4 c5 2. Nc3 d6 3. f4 Nc6 4. Nf3 Nf6 5. d3 e6 6. g3 g6 7. Bg2 Bg7 8. 0-0 0-0 9. h3 Qc7 10. Be3 a6 11. g4 b5 12. e5 Nd7 13. exd6 Qxd6 14. Ne4 Qe7 15. Ne5 Ncxe5 16. fxe5 Rb8 17. Bg5 f6 18. exf6 Nxf6 19. Qf3 Bb7 20. Bxf6 Bxe4 21. Bxe7 Bd4+ 22. Qf2 Rxf2 23. Rxf2 Bxf2+ 24. Kxf2 Bxg2 25. Kxg2 Rc8 26. Rf1 c4 27. d4 Re8 28. Bd6 a5 29. c3 Rd8 30. Bc7 Ra8 31. Rf6 Ra7 32. Bb6 Ra6 33. Rxe6 b4 34. d5 Kf7 35. Bc5 Rxe6 36. dxe6+ Kxe6 37. cxb4 axb4 38. Bxb4 Kd5 39. Bc3 Kc5 40. a4 Kb6 41. Kf3 Kc5 42. Kf4 h6 43. h4 h5 44. g5 1-0

[Event "Attica-ch U16"]
[Site "Athens"]
[Date "2006.??.??"]
[Round "9.2"]
[White "Kourousis, Epaminondas"]
[Black "Bozinakis, Pavlos"]
[Result "1/2-1/2"]
[WhiteElo "2037"]
[BlackElo "2041"]
[PlyCount "28"]
[EventDate "2006.12.27"]
[EventType "swiss"]
[EventRounds "9"]
[EventCountry "GRE"]
[SourceTitle "EXT 2024"]
[Source "ChessBase"]
[SourceDate "2023.10.10"]
[SourceVersion "1"]
[SourceVersionDate "2023.10.10"]
[SourceQuality "1"]

1. d4 Nf6 2. c4 Nc6 3. Nf3 e6 4. g3 d5 5. Qc2 Nb4 6. Qb3 dxc4 7. Qxc4 Qd5 8. Qxd5 exd5 9. Na3 c6 10. Bg2 h6 11. 0-0 Bf5 12. Bf4 Be7 13. Rfc1 0-0 14. Ne1 Rfe8 1/2-1/2